| 000 | 00775nam a2200169 a 4500 | ||
|---|---|---|---|
| 001 | 000031434 | ||
| 005 | 20200930062928.0 | ||
| 008 | 110622s1938 dr 000 0 spa d | ||
| 040 |
_aDO-SdBNP _bspa _cBNPHU |
||
| 082 |
_axxxx _bF911d |
||
| 100 | 1 |
_aFrier, Julio Ortega, _d1988-1953 _957840 |
|
| 245 | 1 | 0 | _aDiscurso del licenciado Julio Ortega Frier, rector de la Universidad de Santo Domingo, pronunciado en el acto académico celebrado el 28 de octubre de 1938 con motivo del cuarto centenario de la erección de la Universidad. |
| 260 |
_aCiudad Trujillo, República Dominicana : _bImpreta Listín Diario, _c1938. |
||
| 300 |
_a26 p. ; _c23 cm. |
||
| 490 | 1 | _aPublicaciones de la Universidad de Santo Domingo | |
| 830 | 0 |
_aPublicaciones de la Universidad de Santo Domingo _9818 |
|
| 999 |
_c30926 _d30926 |
||